|
|
|
|
| LEADER |
00971nas a2200241 u 4500 |
| 001 |
10029650 |
| 003 |
upatras |
| 005 |
20210117195722.0 |
| 008 |
950628s1986 uk q p eng |
| 022 |
|
|
|a 1359-0189
|
| 040 |
|
|
|a GR-PaULI
|c GR-PaULI
|
| 041 |
0 |
|
|a eng
|
| 082 |
0 |
4 |
|a 539.16
|
| 222 |
|
0 |
|a International journal of radiation applications and instrumentation. Part D, Nuclear tracks and radiation measurements
|b [Περιοδικό]
|
| 245 |
1 |
0 |
|a International journal of radiation applications and instrumentation
|h [Περιοδικό]
|
| 260 |
|
|
|a Oxford
|b Pergamon Press
|
| 310 |
|
|
|a Τριμηνιαίο
|
| 362 |
0 |
|
|a 11(1986) - 12(1986) ; 16(1989) - 20(1992)
|
| 852 |
|
|
|a GR-PaULI
|b ΠΑΤΡΑ
|b ΒΚΠ
|b A
|k ΠΕΡ
|m 379
|t 1
|3 11(1986)-12(1986);16(1989)-20(1992)
|
| 866 |
|
|
|a 11(1986)-12(1986);16(1989)-20(1992)
|
| 942 |
|
|
|2 ddc
|s 1
|c JNL
|
| 952 |
|
|
|0 0
|1 0
|4 0
|7 0
|9 23206
|a LISP
|b LISP
|c SER
|d 2016-04-24
|i 379
|l 0
|r 2016-04-24 00:00:00
|t 1
|w 2016-04-24
|y JNL
|
| 999 |
|
|
|c 14544
|d 14544
|